[Event "Toronto Reserves"]
[Site "Toronto CAN"]
[Date "1982.02.??"]
[Round "9"]
[White "Leliever, Mark"]
[Black "Nasir, Nasim"]
[Result "1-0"]
[WhiteElo "1782"]
[BlackElo "1848"]
[PlyCount "149"]
[GameId "2160767912848798"]
[EventDate "1982.02.??"]
[EventType "tourn"]
[EventRounds "11"]
[EventCountry "CAN"]
[SourceTitle "EXT 2022"]
[Source "ChessBase"]
[SourceDate "2021.10.06"]
[SourceVersion "1"]
[SourceVersionDate "2021.10.06"]
[SourceQuality "1"]

1. e4 e5 2. Nf3 Nf6 3. Nxe5 d6 4. Nf3 Nxe4 5. d4 d5 6. Bd3 Be7 7. O-O O-O 8. Re1 f5 9. c4 Nc6 10. Nc3 Nxc3 11. bxc3 Bf6 12. Ba3 Re8 13. cxd5 Rxe1+ 14. Qxe1 Ne7 15. c4 Ng6 16. g3 Bd7 17. Rb1 b6 18. Ne5 Qe8 19. f4 Be7 20. Bxe7 Qxe7 21. Nxd7 Qxd7 22. Qe6+ Qxe6 23. dxe6 Ne7 24. Bf1 g6 25. Bg2 Rd8 26. d5 Kg7 27. Kf2 Kf6 28. Ke3 h6 29. Rb3 g5 30. Rb1 Rh8 31. Bf3 g4 32. Bg2 h5 33. Kd4 h4 34. Kc3 h3 35. Bf1 Rd8 36. Rd1 b5 37. Rd2 bxc4 38. Bxc4 Rb8 39. Rb2 Rxb2 40. Kxb2 Ng6 41. Be2 Ne7 42. Bc4 Ng6 43. Kc3 Ke7 44. Kd4 Kd6 45. Bd3 Ne7 46. a3 c5+ 47. dxc6 Nxc6+ 48. Kc4 Kxe6 49. Kc5 Ne7 50. Ba6 Kd7 51. a4 Ke6 52. Bc4+ Kd7 53. a5 Kc7 54. Be6 a6 55. Bc4 Ng6 56. Bd3 Nh4 57. Kd4 Nf3+ 58. Ke3 Nxh2 59. Bxf5 Kd6 60. Kf2 Kc5 61. Kg1 Nf3+ 62. Kh1 Kb4 63. Bxg4 Nd4 64. f5 Nc6 65. Bf3 Ne5 66. f6 Kxa5 67. Bd5 Ng6 68. Kh2 Kb6 69. Kxh3 Kc5 70. Be4 Nf8 71. Kg4 Kd6 72. Kf5 a5 73. Bc2 Kd7 74. g4 Ke8 75. g5 1-0

[Event "Toronto Reserves"]
[Site "Toronto CAN"]
[Date "1982.02.??"]
[Round "10"]
[White "Evans, Bill"]
[Black "Berner, George"]
[Result "1/2-1/2"]
[WhiteElo "2028"]
[BlackElo "1981"]
[PlyCount "96"]
[GameId "2160767912848799"]
[EventDate "1982.02.??"]
[EventType "tourn"]
[EventRounds "11"]
[EventCountry "CAN"]
[SourceTitle "EXT 2022"]
[Source "ChessBase"]
[SourceDate "2021.10.06"]
[SourceVersion "1"]
[SourceVersionDate "2021.10.06"]
[SourceQuality "1"]

1. d4 Nf6 2. c4 Nc6 3. Nf3 d6 4. Nc3 Bg4 5. e3 e5 6. Be2 Qd7 7. h3 Bxf3 8. Bxf3 exd4 9. exd4 Be7 10. O-O O-O 11. Be3 a5 12. a3 Rfb8 13. b3 Bd8 14. Ne4 Nxe4 15. Bxe4 f5 16. Bd5+ Kh8 17. Qh5 g6 18. Qh6 Bf6 19. Rad1 Qg7 20. Qxg7+ Kxg7 21. g3 Nd8 22. Rfe1 c6 23. Bg2 Nf7 24. f4 Re8 25. Bf2 Kf8 26. Kf1 Rxe1+ 27. Kxe1 Ke7 28. Kd2 g5 29. d5 c5 30. Re1+ Kd7 31. Re6 Bb2 32. a4 gxf4 33. gxf4 Re8 34. Bh4 Bg7 35. Bf3 Bh6 36. Ke3 Ne5 37. Rxe8 Kxe8 38. Bh5+ Ng6 39. Kf3 Bg7 40. Be1 b6 41. Bh4 Kd7 42. Bg5 Ne7 43. Bf7 h6 44. Bh4 Bc3 45. Be6+ Ke8 46. Bxe7 Kxe7 47. Bxf5 Kf6 48. Bd3 h5 1/2-1/2

[Event "Toronto Reserves"]
[Site "Toronto CAN"]
[Date "1982.02.??"]
[Round "10"]
[White "Knapp, Ernest"]
[Black "Kuznecov, Alex"]
[Result "0-1"]
[WhiteElo "1940"]
[BlackElo "2092"]
[PlyCount "84"]
[GameId "2160767912848800"]
[EventDate "1982.02.??"]
[EventType "tourn"]
[EventRounds "11"]
[EventCountry "CAN"]
[SourceTitle "EXT 2022"]
[Source "ChessBase"]
[SourceDate "2021.10.06"]
[SourceVersion "1"]
[SourceVersionDate "2021.10.06"]
[SourceQuality "1"]

1. e4 c5 2. Nc3 d6 3. Bc4 Nf6 4. d3 e6 5. Nge2 Be7 6. O-O O-O 7. Bg5 Nc6 8. a3 h6 9. Bh4 Qc7 10. h3 a6 11. Bg3 b5 12. Ba2 Bd7 13. f4 Qb6 14. Bf2 a5 15. Ng3 b4 16. Nce2 Qc7 17. Be3 Rab8 18. Qd2 Kh7 19. Rad1 bxa3 20. bxa3 a4 21. Rb1 Rxb1 22. Rxb1 Rb8 23. f5 Rxb1+ 24. Bxb1 Qb6 25. Qc1 Nd4 26. Nxd4 cxd4 27. Bd2 d5 28. e5 Ng8 29. Ba2 Qc7 30. Bf4 Qc5 31. f6 gxf6 32. exf6 Bxf6 33. Nh5 Be7 34. Qb2 Qxa3 35. Qb7 Qxa2 36. Qxd7 Qxc2 37. Qe8 Qd1+ 38. Kh2 Qxh5 39. Qxa4 Bf6 40. g4 Qh4 41. Bg3 Qg5 42. Qe8 Kg7 0-1

[Event "Toronto Reserves"]
[Site "Toronto CAN"]
[Date "1982.02.??"]
[Round "10"]
[White "Nasir, Nasim"]
[Black "Kaminker, Harry"]
[Result "0-1"]
[WhiteElo "1848"]
[BlackElo "2173"]
[PlyCount "78"]
[GameId "2160767912848801"]
[EventDate "1982.02.??"]
[EventType "tourn"]
[EventRounds "11"]
[EventCountry "CAN"]
[SourceTitle "EXT 2022"]
[Source "ChessBase"]
[SourceDate "2021.10.06"]
[SourceVersion "1"]
[SourceVersionDate "2021.10.06"]
[SourceQuality "1"]

1. e4 c5 2. Nf3 d6 3. Bb5+ Nd7 4. c4 Ngf6 5. Nc3 e6 6. d4 cxd4 7. Nxd4 Be7 8. Be3 O-O 9. O-O Ne5 10. f3 a6 11. Ba4 Nxc4 12. Qe2 d5 13. exd5 Nxe3 14. Qxe3 Bc5 15. Rad1 Nxd5 16. Qe4 Nf6 17. Qe5 Bd6 18. Qe2 Qc7 19. g3 e5 20. Nc2 Be6 21. Ne3 Rad8 22. Bc2 Bc5 23. Kg2 Bd4 24. Ne4 Nd5 25. Nxd5 Bxd5 26. b3 f5 27. Nf2 b5 28. Bb1 Qb7 29. Rc1 Rde8 30. Rfd1 g5 31. h3 g4 32. hxg4 fxg4 33. Qd2 Bxf3+ 34. Kh2 Bxf2 35. Qg5+ Qg7 36. Bxh7+ Kh8 37. Bg6 Bxd1 38. Qh5+ Kg8 39. Bxe8 Bg1+ 0-1

[Event "Toronto Reserves"]
[Site "Toronto CAN"]
[Date "1982.02.??"]
[Round "10"]
[White "Rakhinshteyn, Fima"]
[Black "Boross-Harmer, Peter"]
[Result "1/2-1/2"]
[WhiteElo "2051"]
[BlackElo "1842"]
[PlyCount "104"]
[GameId "2160767912848802"]
[EventDate "1982.02.??"]
[EventType "tourn"]
[EventRounds "11"]
[EventCountry "CAN"]
[SourceTitle "EXT 2022"]
[Source "ChessBase"]
[SourceDate "2021.10.06"]
[SourceVersion "1"]
[SourceVersionDate "2021.10.06"]
[SourceQuality "1"]

1. e4 e6 2. d4 d5 3. Nd2 c5 4. exd5 Qxd5 5. Ngf3 cxd4 6. Bc4 Qc5 7. Qe2 Nc6 8. Nb3 Qb6 9. O-O a6 10. Rd1 Bc5 11. Bd5 Nge7 12. Bxc6+ Nxc6 13. Qc4 Be7 14. Nbxd4 Nxd4 15. Nxd4 e5 16. Nf3 Be6 17. Qa4+ Qb5 18. Qxb5+ axb5 19. Nxe5 b4 20. Bf4 O-O 21. Nd3 Rfc8 22. Rdc1 Rc6 23. Bd2 Bf5 24. Nxb4 Bxb4 25. Bxb4 Rxc2 26. Rxc2 Bxc2 27. Re1 Rd8 28. f3 Rd1 29. Kf2 Rxe1 30. Kxe1 f6 31. Kd2 Ba4 32. Kc3 Kf7 33. Kc4 Ke6 34. Kc5 g5 35. g3 Bc6 36. f4 gxf4 37. gxf4 Kf5 38. Bc3 Kxf4 39. Bxf6 Kf5 40. Bh4 Ke6 41. b4 Kd7 42. b5 Bf3 43. a4 Kc8 44. Bg3 Bd1 45. a5 Be2 46. Kb6 Bd3 47. h4 Be2 48. Bf4 Bd3 49. h5 Be2 50. h6 Bd3 51. a6 bxa6 52. bxa6 Be4 1/2-1/2

[Event "Toronto Reserves"]
[Site "Toronto CAN"]
[Date "1982.02.??"]
[Round "10"]
[White "Stavropoulos, Greg"]
[Black "Deiseach, Donald"]
[Result "1-0"]
[WhiteElo "1933"]
[BlackElo "2037"]
[PlyCount "97"]
[GameId "2160767912848803"]
[EventDate "1982.02.??"]
[EventType "tourn"]
[EventRounds "11"]
[EventCountry "CAN"]
[SourceTitle "EXT 2022"]
[Source "ChessBase"]
[SourceDate "2021.10.06"]
[SourceVersion "1"]
[SourceVersionDate "2021.10.06"]
[SourceQuality "1"]

1. Nf3 d5 2. c4 d4 3. g3 g6 4. Bg2 Bg7 5. d3 Nc6 6. O-O e5 7. Nbd2 Nge7 8. a3 a5 9. b3 O-O 10. Rb1 Nf5 11. b4 axb4 12. axb4 Nd6 13. b5 Ne7 14. Qb3 h6 15. Ba3 Be6 16. Qb4 Re8 17. b6 Ndc8 18. bxc7 Qxc7 19. Ne1 Bf8 20. Qb2 Rxa3 21. Qxa3 Nd5 22. Qa4 Bd7 23. Qc2 Nb4 24. Qd1 Nb6 25. Ne4 Kg7 26. Qd2 f5 27. Rxb4 Bxb4 28. Qxb4 fxe4 29. Bxe4 Bc6 30. Bxc6 bxc6 31. Nf3 c5 32. Qb3 Rb8 33. Rb1 Nd7 34. Qa2 Rb4 35. Nd2 Qb7 36. Ra1 Nf6 37. Qa7 Nd7 38. Qxb7 Rxb7 39. Ne4 Kf8 40. Ra6 Rb1+ 41. Kg2 Rb6 42. Rxb6 Nxb6 43. Nxc5 Ke7 44. f4 Kd6 45. Nb3 Nd7 46. Kf3 Nf6 47. h3 g5 48. Nd2 Ke6 49. Ne4 1-0

[Event "Toronto Reserves"]
[Site "Toronto CAN"]
[Date "1982.02.??"]
[Round "11"]
[White "Berner, George"]
[Black "Rakhinshteyn, Fima"]
[Result "0-1"]
[WhiteElo "1981"]
[BlackElo "2051"]
[PlyCount "62"]
[GameId "2160767912848804"]
[EventDate "1982.02.??"]
[EventType "tourn"]
[EventRounds "11"]
[EventCountry "CAN"]
[SourceTitle "EXT 2022"]
[Source "ChessBase"]
[SourceDate "2021.10.06"]
[SourceVersion "1"]
[SourceVersionDate "2021.10.06"]
[SourceQuality "1"]

1. Nc3 d5 2. Nf3 c5 3. e4 d4 4. Ne2 Nc6 5. Ng3 e5 6. Bc4 Be7 7. d3 Nf6 8. a3 O-O 9. O-O Ne8 10. Bd2 Nc7 11. b4 b5 12. Bb3 Be6 13. bxc5 Bxc5 14. Ng5 Bxb3 15. cxb3 Be7 16. f4 exf4 17. Nxh7 Kxh7 18. Qh5+ Kg8 19. Bxf4 Ne6 20. Nf5 Bg5 21. Bg3 g6 22. Qg4 Be3+ 23. Kh1 Qg5 24. Nxe3 dxe3 25. Qxg5 Nxg5 26. Bf4 Ne6 27. Bxe3 Rfd8 28. Rad1 Ncd4 29. b4 Rdc8 30. h4 Rc3 31. g4 Rxa3 0-1

[Event "Toronto Reserves"]
[Site "Toronto CAN"]
[Date "1982.02.??"]
[Round "11"]
[White "Boross-Harmer, Peter"]
[Black "Knapp, Ernest"]
[Result "0-1"]
[WhiteElo "1842"]
[BlackElo "1940"]
[PlyCount "94"]
[GameId "2160767912848805"]
[EventDate "1982.02.??"]
[EventType "tourn"]
[EventRounds "11"]
[EventCountry "CAN"]
[SourceTitle "EXT 2022"]
[Source "ChessBase"]
[SourceDate "2021.10.06"]
[SourceVersion "1"]
[SourceVersionDate "2021.10.06"]
[SourceQuality "1"]

1. e4 c5 2. Nf3 Nc6 3. Bc4 e6 4. Nc3 Na5 5. Be2 d6 6. d4 cxd4 7. Nxd4 Nc6 8. O-O Nf6 9. Be3 Be7 10. Kh1 O-O 11. g4 Nxd4 12. Qxd4 e5 13. Qd1 Be6 14. f3 d5 15. g5 Nxe4 16. Nxe4 dxe4 17. Qxd8 Rfxd8 18. fxe4 Bd7 19. Bc4 Rf8 20. Bd5 Rac8 21. Rf2 Bc6 22. c4 Bxd5 23. cxd5 Rc4 24. Bxa7 Rxe4 25. Rd1 Bd6 26. Rc2 Ra8 27. Bc5 Rc8 28. Rdc1 Bxc5 29. Rxc5 Rxc5 30. Rxc5 f5 31. Rc8+ Kf7 32. Rc7+ Kg6 33. Rxb7 Rd4 34. a3 e4 35. b4 f4 36. Re7 f3 37. Kg1 Kf5 38. Kf2 Rd2+ 39. Ke1 Re2+ 40. Kf1 Kf4 41. d6 Rd2 42. Ke1 Rxd6 43. Rc7 Rd3 44. a4 Ra3 45. a5 Ke3 46. Rc1 f2+ 47. Kf1 Kf3 0-1

[Event "Toronto Reserves"]
[Site "Toronto CAN"]
[Date "1982.02.??"]
[Round "11"]
[White "Kuznecov, Alex"]
[Black "Stavropoulos, Greg"]
[Result "1/2-1/2"]
[WhiteElo "2092"]
[BlackElo "1933"]
[PlyCount "52"]
[GameId "2160767912848807"]
[EventDate "1982.02.??"]
[EventType "tourn"]
[EventRounds "11"]
[EventCountry "CAN"]
[SourceTitle "EXT 2022"]
[Source "ChessBase"]
[SourceDate "2021.10.06"]
[SourceVersion "1"]
[SourceVersionDate "2021.10.06"]
[SourceQuality "1"]

1. c4 c5 2. Nc3 Nf6 3. g3 Nc6 4. Bg2 e6 5. Nf3 d5 6. cxd5 exd5 7. d4 cxd4 8. Nxd4 Bc5 9. Nb3 Bb6 10. Nxd5 Nxd5 11. Qxd5 Qxd5 12. Bxd5 Nb4 13. Be4 Bh3 14. Bd2 Nc6 15. Bc3 O-O 16. e3 Rfe8 17. Bxc6 bxc6 18. O-O-O a5 19. Rd2 a4 20. Nd4 a3 21. b3 c5 22. Nb5 Bg2 23. Rg1 Bf3 24. Nd6 Red8 25. Nc4 Bc7 26. Rxd8+ Bxd8 1/2-1/2

[Event "Toronto Reserves"]
[Site "Toronto CAN"]
[Date "1982.02.??"]
[Round "11"]
[White "Leliever, Mark"]
[Black "Evans, Bill"]
[Result "0-1"]
[WhiteElo "1782"]
[BlackElo "2028"]
[PlyCount "88"]
[GameId "2160767912848808"]
[EventDate "1982.02.??"]
[EventType "tourn"]
[EventRounds "11"]
[EventCountry "CAN"]
[SourceTitle "EXT 2022"]
[Source "ChessBase"]
[SourceDate "2021.10.06"]
[SourceVersion "1"]
[SourceVersionDate "2021.10.06"]
[SourceQuality "1"]

1. e4 c5 2. Nf3 a6 3. d4 cxd4 4. Nxd4 Nf6 5. Bd3 Nc6 6. Nxc6 bxc6 7. Nc3 g6 8. Bc4 d6 9. O-O Bg7 10. f3 O-O 11. Be3 Bb7 12. Bb3 Qc7 13. f4 Rad8 14. Qe2 c5 15. Bf2 Qc8 16. h3 Qa8 17. Rfe1 e6 18. Rad1 Nh5 19. Qf3 Bc6 20. Rd2 Qb7 21. Nd1 c4 22. Bxc4 Qb4 23. Qe2 Nxf4 24. Qe3 Nxg2 25. Kxg2 Qxc4 26. b3 Qb4 27. Kg1 Bxe4 28. c3 Qa5 29. Bh4 Ba8 30. Bxd8 Rxd8 31. Rf2 Qd5 32. Kf1 Qh5 33. Nb2 Bh6 34. Qg3 Bg5 35. Ree2 Bh4 36. Qe3 Bxf2 37. Rxf2 Qd5 38. Qa7 Qh1+ 39. Ke2 Qe4+ 40. Kd2 Qd5+ 41. Ke1 Qe5+ 42. Kd2 Qg5+ 43. Kd1 Rf8 44. Qxa6 Qc5 0-1

[Event "Toronto op"]
[Site "Toronto CAN"]
[Date "1982.??.??"]
[Round "?"]
[White "Ginsburg, Mark"]
[Black "Buchholz, Martin"]
[Result "1-0"]
[WhiteElo "2434"]
[BlackElo "2357"]
[PlyCount "69"]
[GameId "2160767912848597"]
[EventDate "1982.04.09"]
[EventType "swiss"]
[EventRounds "6"]
[EventCountry "CAN"]
[SourceTitle "CFC 1982.07"]

1. c4 g6 2. Nc3 Bg7 3. d4 c5 4. d5 d6 5. e4 Nf6 6. Nf3 O-O 7. Be2 e6 8. O-O exd5 9. cxd5 a6 10. a4 Bg4 11. Bf4 Re8 12. Nd2 Bxe2 13. Qxe2 Nh5 14. Be3 Nd7 15. Rae1 Rb8 16. g4 Nhf6 17. f3 h6 18. Kg2 Qc7 19. h4 Nh7 20. g5 h5 21. f4 Rec8 22. Rd1 c4 23. e5 dxe5 24. f5 b5 25. axb5 axb5 26. Nde4 gxf5 27. Rxf5 Ndf8 28. Rdf1 b4 29. Rxf7 Qxf7 30. Rxf7 bxc3 31. Qxh5 cxb2 32. Ra7 Kh8 33. Qf7 Ne6 34. dxe6 Rg8 35. Nc3 1-0

[Event "Toronto op"]
[Site "Toronto CAN"]
[Date "1982.04.09"]
[Round "1"]
[White "Pacey, Kevin"]
[Black "Kurtz, Murray"]
[Result "1-0"]
[WhiteElo "2116"]
[BlackElo "1954"]
[PlyCount "81"]
[GameId "2160767912848598"]
[EventDate "1982.04.09"]
[EventType "swiss"]
[EventRounds "6"]
[EventCountry "CAN"]
[SourceTitle "EXT 2022"]
[Source "ChessBase"]
[SourceDate "2021.10.06"]
[SourceVersion "1"]
[SourceVersionDate "2021.10.06"]
[SourceQuality "1"]

1. e4 c5 2. Nf3 d6 3. Bd3 g6 4. c3 Bg7 5. Bc2 Nc6 6. O-O e5 7. d3 Nge7 8. Be3 O-O 9. d4 cxd4 10. cxd4 Bg4 11. d5 Nd4 12. Nbd2 f5 13. Bxd4 exd4 14. exf5 Bxf5 15. Bxf5 Rxf5 16. Nb3 Rxd5 17. Qd3 Kh8 18. Rfe1 Nc6 19. Qe4 Qg8 20. Rad1 Rd8 21. Nbxd4 Nxd4 22. Nxd4 Bxd4 23. Rxd4 Re5 24. Qb1 Qxa2 25. Kf1 Rxe1+ 26. Qxe1 Qxb2 27. Rb4 Qa3 28. Qe7 Qc1+ 29. Ke2 Qc2+ 30. Ke1 Qc3+ 31. Kf1 Rc8 32. Qxd6 Qc1+ 33. Ke2 Re8+ 34. Kf3 Qa3+ 35. Kf4 Qc1+ 36. Kg4 h5+ 37. Kh4 Qe1 38. Qf6+ Kg8 39. Qxg6+ Kh8 40. Qxh5+ Kg8 41. Rg4+ 1-0

[Event "Toronto op"]
[Site "Toronto CAN"]
[Date "1982.04.09"]
[Round "2"]
[White "Klarner, William"]
[Black "Pacey, Kevin"]
[Result "1/2-1/2"]
[WhiteElo "1962"]
[BlackElo "2116"]
[PlyCount "49"]
[GameId "2160767912848601"]
[EventDate "1982.04.09"]
[EventType "swiss"]
[EventRounds "6"]
[EventCountry "CAN"]
[SourceTitle "EXT 2022"]
[Source "ChessBase"]
[SourceDate "2021.10.06"]
[SourceVersion "1"]
[SourceVersionDate "2021.10.06"]
[SourceQuality "1"]

1. Nf3 f5 2. g3 Nf6 3. Bg2 g6 4. d4 Bg7 5. c4 O-O 6. O-O d6 7. Nc3 c6 8. e3 Kh8 9. Qc2 Na6 10. a3 Nh5 11. Rd1 Qe8 12. b3 e5 13. dxe5 dxe5 14. Bb2 e4 15. Nd4 Nc5 16. Bf1 g5 17. b4 Nd7 18. Be2 Ne5 19. Na4 Nf6 20. Bc3 Ng6 21. b5 f4 22. Bb4 Rg8 23. Bd6 Bh3 24. c5 fxe3 25. fxe3 1/2-1/2

[Event "Toronto op"]
[Site "Toronto CAN"]
[Date "1982.04.10"]
[Round "3"]
[White "Boyd, Stephen"]
[Black "Yee, Lorne"]
[Result "1/2-1/2"]
[WhiteElo "2227"]
[BlackElo "2110"]
[PlyCount "42"]
[GameId "2160767912848602"]
[EventDate "1982.04.09"]
[EventType "swiss"]
[EventRounds "6"]
[EventCountry "CAN"]
[SourceTitle "EXT 2022"]
[Source "ChessBase"]
[SourceDate "2021.10.06"]
[SourceVersion "1"]
[SourceVersionDate "2021.10.06"]
[SourceQuality "1"]

1. e4 c5 2. f4 Nc6 3. Nf3 e6 4. Qe2 Nge7 5. b3 a6 6. Bb2 d5 7. d3 d4 8. g3 g6 9. Bg2 Bg7 10. O-O e5 11. fxe5 Nxe5 12. Nxe5 Bxe5 13. Nd2 O-O 14. Nc4 Nc6 15. a4 b6 16. Bc1 f6 17. Bd2 Be6 18. Rf2 Bxc4 19. bxc4 a5 20. Bh3 Qd6 21. Qg4 Nb4 1/2-1/2

[Event "Toronto op"]
[Site "Toronto CAN"]
[Date "1982.04.10"]
[Round "4"]
[White "Boileau, Doug"]
[Black "Pacey, Kevin"]
[Result "1-0"]
[WhiteElo "2025"]
[BlackElo "2116"]
[PlyCount "81"]
[GameId "2160767912848604"]
[EventDate "1982.04.09"]
[EventType "swiss"]
[EventRounds "6"]
[EventCountry "CAN"]
[SourceTitle "EXT 2022"]
[Source "ChessBase"]
[SourceDate "2021.10.06"]
[SourceVersion "1"]
[SourceVersionDate "2021.10.06"]
[SourceQuality "1"]

1. Nf3 f5 2. d4 g6 3. c4 Bg7 4. Nc3 Nf6 5. g3 O-O 6. Bg2 d6 7. O-O c6 8. b4 Nh5 9. Qb3 Kh8 10. Bb2 e5 11. dxe5 dxe5 12. Rad1 Qe7 13. c5 Be6 14. Qc2 Na6 15. a3 Rad8 16. e4 f4 17. Ne2 Bc8 18. Rxd8 Rxd8 19. Rd1 Rf8 20. Qd3 fxg3 21. hxg3 Bg4 22. Nh2 Bxe2 23. Qxe2 Nc7 24. Nf3 a5 25. Bh3 Rd8 26. Rxd8+ Qxd8 27. Nxe5 Qe7 28. Nd3 axb4 29. axb4 Nf6 30. Bg2 Ne6 31. Nc1 Qd8 32. Qd3 Qxd3 33. Nxd3 Kg8 34. f4 Kf7 35. Bf3 Ke7 36. Kf2 Nc7 37. g4 Nb5 38. e5 Nd5 39. Bxd5 cxd5 40. Kf3 Ke6 41. Nc1 1-0

[Event "Toronto op"]
[Site "Toronto CAN"]
[Date "1982.04.11"]
[Round "5"]
[White "Chen, H."]
[Black "Pacey, Kevin"]
[Result "1-0"]
[WhiteElo "1846"]
[BlackElo "2116"]
[PlyCount "55"]
[GameId "2160767912848606"]
[EventDate "1982.04.09"]
[EventType "swiss"]
[EventRounds "6"]
[EventCountry "CAN"]
[SourceTitle "EXT 2022"]
[Source "ChessBase"]
[SourceDate "2021.10.06"]
[SourceVersion "1"]
[SourceVersionDate "2021.10.06"]
[SourceQuality "1"]

1. Nf3 f5 2. d4 Nf6 3. c4 e6 4. Nc3 Be7 5. g3 O-O 6. Bg2 d5 7. Nd2 c6 8. O-O Kh8 9. e3 g5 10. Ne2 b5 11. cxd5 cxd5 12. a3 Nc6 13. Nb3 Qb6 14. f3 a5 15. Bd2 a4 16. Nc5 Bxc5 17. dxc5 Qxc5 18. Rc1 Qb6 19. Kh1 Bd7 20. Ng1 Rac8 21. Qe2 h6 22. Nh3 e5 23. Nf2 e4 24. fxe4 dxe4 25. Bc3 Be6 26. Nxe4 fxe4 27. Bxf6+ Kg8 28. Qh5 1-0

[Event "Toronto op"]
[Site "Toronto CAN"]
[Date "1982.04.11"]
[Round "6"]
[White "Henry, David"]
[Black "Pacey, Kevin"]
[Result "1-0"]
[WhiteElo "1841"]
[BlackElo "2116"]
[PlyCount "61"]
[GameId "2160767912848610"]
[EventDate "1982.04.09"]
[EventType "swiss"]
[EventRounds "6"]
[EventCountry "CAN"]
[SourceTitle "EXT 2022"]
[Source "ChessBase"]
[SourceDate "2021.10.06"]
[SourceVersion "1"]
[SourceVersionDate "2021.10.06"]
[SourceQuality "1"]

1. c4 Nf6 2. g3 g6 3. Bg2 Bg7 4. Nc3 O-O 5. Nf3 d6 6. O-O e5 7. d3 Nc6 8. Rb1 Be6 9. a3 Qc8 10. Ng5 Bd7 11. f4 h6 12. Nf3 Bh3 13. e4 Ne8 14. Bxh3 Qxh3 15. f5 gxf5 16. exf5 Qxf5 17. Nh4 Qe6 18. Nd5 Nd4 19. Be3 c6 20. Bxd4 cxd5 21. cxd5 Qxd5 22. Nf5 Qe6 23. Be3 d5 24. Bc5 Kh7 25. Nxg7 Nxg7 26. Bxf8 Rxf8 27. Qf3 f5 28. Rfe1 f4 29. gxf4 Qb6+ 30. Kh1 Rxf4 31. Qxd5 1-0

[Event "Toronto-ch"]
[Site "Toronto CAN"]
[Date "1982.02.??"]
[Round "1"]
[White "Buchholz, Martin"]
[Black "Nickoloff, Bryon"]
[Result "1-0"]
[WhiteElo "2306"]
[BlackElo "2343"]
[PlyCount "79"]
[GameId "2160767739985463"]
[EventDate "1982.02.??"]
[EventType "tourn"]
[EventRounds "11"]
[EventCountry "CAN"]
[SourceTitle "EXT 2022"]
[Source "ChessBase"]
[SourceDate "2021.10.06"]
[SourceVersion "1"]
[SourceVersionDate "2021.10.06"]
[SourceQuality "1"]

1. d4 Nf6 2. c4 e6 3. Nf3 d5 4. Nc3 c5 5. cxd5 Nxd5 6. e4 Nxc3 7. bxc3 cxd4 8. cxd4 Nc6 9. Be2 Bb4+ 10. Bd2 Bxd2+ 11. Qxd2 O-O 12. O-O e5 13. d5 Bg4 14. Rab1 Bxf3 15. Bxf3 b6 16. g3 Nd4 17. Bg2 Rc8 18. Rfc1 Qd7 19. f4 f6 20. Rxc8 Rxc8 21. fxe5 fxe5 22. Qg5 Qd6 23. Rf1 Rf8 24. Rd1 b5 25. Qe3 Qb6 26. Kh1 b4 27. Rc1 a5 28. Rc6 Qb7 29. Rc4 a4 30. d6 b3 31. axb3 axb3 32. Rc7 Qb5 33. Qc1 h6 34. Bh3 Kh7 35. d7 b2 36. Qb1 Qb4 37. Rc8 Qd2 38. Rxf8 Qc1+ 39. Rf1 Nb3 40. d8=Q {time} 1-0

[Event "Toronto-ch"]
[Site "Toronto CAN"]
[Date "1982.02.??"]
[Round "1"]
[White "Dzera, Victor"]
[Black "Day, Lawrence"]
[Result "0-1"]
[WhiteElo "2258"]
[BlackElo "2439"]
[PlyCount "74"]
[GameId "2160767912848809"]
[EventDate "1982.02.??"]
[EventType "tourn"]
[EventRounds "11"]
[EventCountry "CAN"]
[SourceTitle "EXT 2022"]
[Source "ChessBase"]
[SourceDate "2021.10.06"]
[SourceVersion "1"]
[SourceVersionDate "2021.10.06"]
[SourceQuality "1"]

1. b3 d5 2. Bb2 Bg4 3. g3 e6 4. Bg2 c6 5. f3 Bh5 6. Nh3 f6 7. Nf4 Bf7 8. Bh3 Qd7 9. c4 Na6 10. cxd5 cxd5 11. Nc3 Nc7 12. d4 Ne7 13. O-O h5 14. Na4 Nc6 15. Rc1 h4 16. Kg2 hxg3 17. hxg3 O-O-O 18. Rh1 Bd6 19. Nc5 Qe8 20. Qd2 Kb8 21. e3 e5 22. Nfd3 e4 23. fxe4 dxe4 24. Nf2 Bd5 25. Ba3 Qg6 26. Rcg1 Ka8 27. b4 b6 28. Qc2 Nxd4 29. exd4 bxc5 30. Kf1 cxd4 31. Bg2 Rhe8 32. Rh4 f5 33. Nd3 Bxg3 34. Nf4 Qa6+ 35. Ne2 d3 36. b5 Qxb5 37. Nc3 dxc2+ 0-1

[Event "Toronto-ch"]
[Site "Toronto CAN"]
[Date "1982.02.??"]
[Round "1"]
[White "Kleinplatz, Sam"]
[Black "Kourkounakis, Ilias"]
[Result "1-0"]
[WhiteElo "2219"]
[BlackElo "2246"]
[PlyCount "117"]
[GameId "2160767912848811"]
[EventDate "1982.02.??"]
[EventType "tourn"]
[EventRounds "11"]
[EventCountry "CAN"]
[SourceTitle "EXT 2022"]
[Source "ChessBase"]
[SourceDate "2021.10.06"]
[SourceVersion "1"]
[SourceVersionDate "2021.10.06"]
[SourceQuality "1"]

1. d4 Nf6 2. c4 g6 3. Nc3 Bg7 4. e4 O-O 5. f3 d6 6. Bg5 c5 7. d5 e6 8. Nge2 a6 9. Qd2 exd5 10. Nxd5 Nc6 11. O-O-O Be6 12. Nec3 Nd4 13. Qe1 Bxd5 14. Nxd5 Ne6 15. Be3 b5 16. Kb1 Rb8 17. cxb5 Nxd5 18. Rxd5 Nc7 19. Rd2 Nxb5 20. Bxb5 Rxb5 21. Qe2 Qb6 22. Rc1 Rb8 23. Rcc2 a5 24. f4 a4 25. a3 Qb7 26. e5 Qe4 27. Qd3 Qxd3 28. Rxd3 dxe5 29. Bxc5 exf4 30. Bb4 Be5 31. Rd7 R8b7 32. Rd8+ Kg7 33. Ra8 g5 34. Rxa4 g4 35. Ra8 h5 36. Rc6 f6 37. Rc2 h4 38. Rd8 g3 39. hxg3 fxg3 40. Kc1 Kg6 41. Rh8 Kg5 42. Bd2+ Kg4 43. Rc4+ Kf5 44. Rh5+ Ke6 45. Rb4 Rc5+ 46. Kd1 Rxb4 47. axb4 Rc4 48. b5 Rd4 49. Ke2 Kf7 50. b6 Kg6 51. Rh8 Kg7 52. Rh5 Rd6 53. Be3 Rd5 54. Rxh4 Rb5 55. b4 Bd6 56. Bc5 Bxc5 57. bxc5 Rxc5 58. Rb4 Rc8 59. Kf3 1-0

[Event "Toronto-ch"]
[Site "Toronto CAN"]
[Date "1982.02.??"]
[Round "1"]
[White "Lavin, David"]
[Black "Findlay, Ian"]
[Result "1-0"]
[WhiteElo "2191"]
[BlackElo "2250"]
[PlyCount "89"]
[GameId "2160767912848812"]
[EventDate "1982.02.??"]
[EventType "tourn"]
[EventRounds "11"]
[EventCountry "CAN"]
[SourceTitle "EXT 2022"]
[Source "ChessBase"]
[SourceDate "2021.10.06"]
[SourceVersion "1"]
[SourceVersionDate "2021.10.06"]
[SourceQuality "1"]

1. d4 d5 2. c4 e6 3. Nc3 Nf6 4. Bg5 Be7 5. cxd5 exd5 6. Qc2 O-O 7. e3 Nbd7 8. Bd3 Re8 9. Nge2 c6 10. O-O h6 11. Bf4 Nf8 12. h3 Bd6 13. Rab1 Bxf4 14. Nxf4 Ne6 15. Nxe6 Bxe6 16. b4 Nh5 17. b5 Qg5 18. bxc6 bxc6 19. Kh2 Rac8 20. Na4 f5 21. Nc5 g6 22. Rb7 Bf7 23. g3 Re7 24. Rxe7 Qxe7 25. Rb1 Nf6 26. Rb7 Rc7 27. Rb8+ Be8 28. a4 Kg7 29. Qd2 Nd7 30. Nxd7 Bxd7 31. h4 Bc8 32. Qb2 Kf6 33. Rb3 Rb7 34. Rxb7 Bxb7 35. Kg2 Bc8 36. Qb8 Qd7 37. Qe5+ Kf7 38. Qh8 h5 39. Kf3 Ke6 40. Qg8+ Kf6 41. Qf8+ Ke6 42. Kf4 Bb7 43. Kg5 Qf7 44. Qd8 a6 45. a5 1-0